000 00857nam a22002415i 4500
001 162307
003 ES-MaACL
005 20251003175826.0
008 010730s1858 fr |||| |cfre d
040 _aCCPB | B
_bspa
_cCCPB | B
100 0 _aPlutarco
_992678
245 1 0 _aVies des hommes illustres /
_cde Plutarque ; traduction nouvelle par Alexis Pierron.
250 _a3éme éd., entièrement rev. et corr.
260 _aParis :
_bCharpentier,
_c1858 (
_fImprimerie de P.A. Bourdier et Cie.)
300 _a4 v. (647, 669, 626, 598 p.) ;
_c18 cm.
650 0 4 _aRomanos-
_xBiografías.
_916942
650 0 4 _aGriegos-
_xBiografías.
_913163
650 0 7 _aHistoria antigua
_2embne
_913385
700 1 _aPierron, Alexis,
_d1814-1878
_9131151
852 _aES-MaACL
_jG-10272-75
_z-- Enc. hol.
999 _c162307
_d162307